000 00963nam a22003015i 4500
999 _c23877
_d23849
003 EG-ScBUE
005 20201027102023.0
008 170110t20142014gw f b 000 0 eng d
020 _a9783659170324
040 _aEG-ScBUE
_beng
_cEG-ScBUE
_dEG-ScBUE
082 0 4 _a809.935362883
_bELM
_222
100 1 _aEl-Mansi, Zainab Saeed,
_eauthor.
245 1 0 _aCan the raped woman speak ? /
_cZainab Saeed El-Mansi.
264 1 _aSaarbrücken :
_bLAP LAMBERT Academic Publishing,
_c[2014]
264 4 _cc2014
300 _a120 pages ;
_c24 cm
336 _atext
_btxt
_2rdacontent
337 _aunmediated
_bn
_2rdamedia
338 _avolume
_bnc
_2rdacarrier
500 _aComposed by BUE staff.
504 _aIncludes bibliographical references.
650 7 _aRape in literature.
_2BUEsh
650 7 _aRape victims in literature.
_2BUEsh
650 7 _aRape victims.
_2BUEsh
_937232
651 _2BUEsh
653 _bGGEN
_bHHUUEENN
_cJanuary2017
942 _2ddc
_cBB